000 00914nas a2200301 4500
001 BR0105160
003 BR-BrBNA
005 20231205102512.0
007 ta
008 230509b bl.|||p| |||| 00| 00por d
040 _aBR-BrBNA
_bpor
_cBiblioteca Nacional de Agricultura
041 _a(Pt)
072 _aH20
100 1 _aSantos, S.C.
100 1 _aRios, G.P.
245 1 _aIdentificacao de racas fisiologicas de Uromyces appendiculatus nos Estados de Goias, Rio Grande do Sul e de Santa Catarina
650 _aFeijao
650 _aFerrugem
650 _aUredosporo
650 _aRaca Fisiologica
650 _aVariedade Resistente
650 _aGoias
650 _aRio Grande do Sul
650 _aSanta Catarina
773 0 _tFitopatologia Brasileira (Brazil)
_xISSN 0100-4158
_g(Dec 2000), v. 25(4) p. 607-611
_wBR0105160
909 _a202311
_bLúcia
_c55
_dLúcia Elande
942 _2AGRIS
_n0
_cANA
999 _c167889
_d167889